000 00470nam a22001577a 4500
999 _c41302
_d41302
003 OSt
005 20210415123200.0
008 210415b ||||| |||| 00| 0 eng d
040 _coclc
082 _a320
_bABD/M
100 _91863
_aAbdurahman, O
245 _aMarxism, Samrajyatwam, Theevravadam: Samshayankalkku marupadi/
_cO Abdurahman
260 _aKozhikode:
_bIPH,
_c2011
300 _a399 pages
942 _2ddc
_cBK
_h320
_iABD/M
_k320
_mABD/M